000 00555nam a2200205Ia 4500
005 20250508154032.0
008 008 250505s9999 xx 000 0 eng d
037 _aTextual
040 _aFEDL
_beng
_cFEDL
041 _aeng
_2eng
084 _a150.13, ANA
_qFEDL
100 _aAnastasi Anne
245 0 _aFields of applied psychology
260 _aNew York, USA
_bMcGraw Hill Book Company
_c1964
300 _axi,621p.
365 _aUSD
_b8.95
650 _aPsychology
942 _cTEXL
_h150.13, ANA
999 _c1347195
_d1347195